000 00414nam a2200169Ia 4500
001 19730
003 IN-NITTTR
005 20251114233227.0
008 251113s9999||||xx |||||||||||||| ||eng||
040 _beng
040 _cIN-NITTTR
041 _aeng
082 _a333.79 D33R
100 _aDayal, Maheshwar
245 0 _aRenewable energy :
_b environment and development /
_cDayal, Maheshwar
942 _2ddc
_cBK
999 _c22364
_d22364